Normal view
MARC view
Entry Personal Name
001 - CONTROL NUMBER
- control field: 41238
003 - CONTROL NUMBER IDENTIFIER
- control field: OSt
005 - DATE AND TIME OF LATEST TRANSACTION
- control field: 20160228132637.0
008 - FIXED-LENGTH DATA ELEMENTS
- fixed length control field: 160228|| aca||aabn | a|a d
040 ## - CATALOGING SOURCE
- Original cataloging agency: OSt
- Transcribing agency: OSt
100 ## - HEADING--PERSONAL NAME
- Personal name: डॉ विघानिवास मिश्र
670 ## - SOURCE DATA FOUND
- Source citation: Work cat.: (OSt)28238: डॉ विघानिवास मिश्र , सत्यनारायण ग्रन्थावली , 1981









